Science Quiz

Random Science or Anatomy Quiz
Score 0/8 Timer 04:00
0 Plays Today
Question Answer Wrong Answers
The joint between the Pelvis and the Femur is a ... joint. Ball and Socket
83.8%
Gliding
3.5%
Pivot
7.5%
Saddle
4.5%
The joint between the Humerus and the Ulna is a ... joint. Hinge
81.1%
Saddle
5.1%
Ball and Socket
9.1%
Gliding
4.7%
The joint between the Humerus and the Shoulder Blade (Scapula) is a ... joint. Ball and Socket
77.6%
Saddle
6.2%
Pivot
5%
Gliding
6.3%
The joint between the Spine and the Skull is a ... joint. Pivot
73.6%
Hinge
6.9%
Ball and Socket
5.4%
Saddle
12.3%
The joint between the Femur and the Tibia is a ... joint. Hinge
70.4%
Saddle
10.1%
Gliding
6.7%
Pivot
9.2%
The joint between the Carpals and the Metacarpals is a ... joint. Gliding
51.8%
Ball and Socket
4%
Hinge
17.1%
Saddle
24.7%
The joint between the Pelvis and the Spine is a ... joint. Pivot
45.4%
Ball and Socket
9.1%
Hinge
14.2%
Gliding
25.2%
The joint between the Metacarpals and the Phalanges on the Hand is a ... joint. Saddle
36.6%
Gliding
31.2%
Pivot
8.2%
Hinge
18.6%
Remove Ads.
Support Sporcle.
Get the best of Sporcle when you Go Orange. This ad-free experience offers more features, more stats, and more fun while also helping to support Sporcle. Thank you for becoming a member.

You're not logged in!

Compare scores with friends on all Sporcle quizzes.
OR
Log In

Show Comments

Extras

Top Quizzes Today


Score Distribution

Your Account Isn't Verified!

In order to create a playlist on Sporcle, you need to verify the email address you used during registration. Go to your Sporcle Settings to finish the process.

Report this User

Report this user for behavior that violates our Community Guidelines.

Details: